Viacaspektová typológia filozofickej terminológie
Viacaspektový prístup k typológii filozofickej terminológie. Výklad typológie podľa paradigiem (paradigma ontologická, mentalistická, lingvistická), podľa vrstiev a podľa pôvodu (slovná zásoba štandardného jazyka, terminológia špeciálnych vied a vedných disciplín, internacionalizmy). Praktické prík...
Salvato in:
| Autore principale: | |
|---|---|
| Natura: | Capitolo di libro |
| Lingua: | slovacco |
| Soggetti: | |
| Tags: |
Nessun Tag, puoi essere il primo ad aggiungerne!!
|
MARC
| LEADER | 00000naa$a2200000$$$4500 | ||
|---|---|---|---|
| 001 | 0026164 | ||
| 005 | 20231115123314.1 | ||
| 041 | 0 | |a slo | |
| 044 | |a SK | ||
| 245 | 1 | 0 | |a Viacaspektová typológia filozofickej terminológie |c Renáta Kanichová |
| 520 | |a Viacaspektový prístup k typológii filozofickej terminológie. Výklad typológie podľa paradigiem (paradigma ontologická, mentalistická, lingvistická), podľa vrstiev a podľa pôvodu (slovná zásoba štandardného jazyka, terminológia špeciálnych vied a vedných disciplín, internacionalizmy). Praktické príklady z terminológie nemeckej filozofickej proveniencie. | ||
| 610 | 2 | 0 | |a filozofia |
| 610 | 2 | 0 | |a typológia |
| 610 | 2 | 0 | |a terminológia |
| 610 | 2 | 0 | |a nemčina |
| 100 | 1 | |a Kanichová, Renáta | |